[Event "Pula Open"]
[Site "Pula CRO"]
[Date "1990.??.??"]
[Round "4"]
[White "Mestrovic, Zvonimir"]
[Black "Barlov, Dragan"]
[Result "1-0"]
[WhiteElo "2440"]
[BlackElo "2520"]
[PlyCount "75"]
[EventDate "1990.??.??"]
[Source "www.chesslib.no"]
[SourceDate "2004.05.04"]

1. Nc3 c5 2. Nf3 e6 3. g3 Nc6 4. Bg2 d5 5. e4 dxe4 6. Nxe4 Be7 7. O-O Nf6 8. d3 O-O 9. Be3 Qb6 10. Nxf6+ Bxf6 11. Rb1 Nd4 12. b4 cxb4 13. Nd2 Qd8 14. Rxb4 Nc6 15. Rb1 Qc7 16. Ne4 Be7 17. c4 Rd8 18. Nc3 Qa5 19. Nb5 a6 20. Bxc6 bxc6 21. Na7 Rd7 22. Nxc6 Qc7 23. Qa4 Rd6 24. Nxe7+ Qxe7 25. c5 Rd8 26. c6 e5 27. Rfc1 Bf5 28. c7 Rdc8 29. Qc6 Qe8 30. Qd5 h6 31. Rb6 Kh7 32. d4 Be6 33. Qe4+ Kg8 34. Qxe5 Bxa2 35. Bf4 Qxe5 36. Bxe5 Be6 37. Rb8 f6 38. Rcb1 1-0

[Event "World Ch XIV Final"]
[Site "Cork World Ch XIV Final"]
[Date "1994.??.??"]
[Round "?"]
[White "Ekebjaerg, Ove C"]
[Black "Buj, Pablo"]
[Result "1-0"]
[WhiteElo "2590"]
[BlackElo "2370"]
[PlyCount "69"]
[EventDate "1994.??.??"]
[Source "www.chesslib.no"]
[SourceDate "2004.05.04"]

1. Nc3 d5 2. e4 dxe4 3. Nxe4 e5 4. Bc4 Nc6 5. d3 Be7 6. Nf3 Nf6 7. Qe2 O-O 8. O-O Bg4 9. c3 Na5 10. Bb5 a6 11. Ba4 b5 12. Bc2 c5 13. h3 Bxf3 14. Qxf3 Qd7 15. Nxf6+ Bxf6 16. Qe4 g6 17. f4 exf4 18. Qxf4 Bg7 19. Bd2 Rac8 20. a3 Rcd8 21. Be3 Qc6 22. Rad1 f5 23. Rfe1 Rfe8 24. Qf2 Rc8 25. Rd2 h6 26. Rde2 Qd5 27. Qh4 g5 28. Qh5 Qf7 29. Qf3 Bf8 30. Bf2 Rxe2 31. Rxe2 f4 32. h4 c4 33. hxg5 hxg5 34. Qg4 Rc7 35. Bd4 1-0

[Event "Vladimir Kontic mem"]
[Site "?"]
[Date "2000.05.??"]
[Round "?"]
[White "Nikac Predrag"]
[Black "Motylev Alexander"]
[Result "0-1"]
[WhiteElo "2407"]
[BlackElo "2552"]
[PlyCount "82"]
[EventDate "2000.??.??"]
[Source "www.chesslib.no"]
[SourceDate "2004.05.04"]

1. Nc3 c5 2. g3 Nc6 3. Bg2 g6 4. f4 Bg7 5. Nf3 d5 6. d3 d4 7. Ne4 f5 8. Neg5 h6 9. Nh3 Qd6 10. e4 dxe3 11. c3 Nf6 12. Bxe3 Ng4 13. Qe2 O-O 14. O-O Bd7 15. Nf2 Nxe3 16. Qxe3 e5 17. fxe5 Nxe5 18. Nxe5 Qxe5 19. Qxe5 Bxe5 20. Bxb7 Rab8 21. Bd5+ Kg7 22. Rfe1 Rfe8 23. Re2 Bxg3 24. Rxe8 Bxf2+ 25. Kxf2 Bxe8 26. b3 Rd8 27. Bc4 Bf7 28. Bb5 Kf6 29. Re1 g5 30. Re3 f4 31. Re4 Bg6 32. Re2 g4 33. Bc4 Bf5 34. a3 Rd7 35. Bb5 Rg7 36. Re8 g3+ 37. Kg1 h5 38. Rf8+ Kg5 39. h4+ Kg4 40. Bc6 Re7 41. Rg8+ Kxh4 0-1

[Event "Berlin GER"]
[Site "?"]
[Date "2005.10.08"]
[Round "8"]
[White "Mikhaletz Lubomir"]
[Black "Geller Jakov"]
[Result "1-0"]
[WhiteElo "2468"]
[BlackElo "2490"]
[PlyCount "77"]
[EventDate "2005.??.??"]
[Source "www.chesslib.no"]
[SourceDate "2004.05.04"]

1. Nc3 c5 2. Nf3 Nc6 3. g3 Nf6 4. Bg2 d5 5. d4 cxd4 6. Nxd4 e5 7. Nxc6 bxc6 8. O-O Bb4 9. Na4 O-O 10. c4 h6 11. Bd2 Rb8 12. Rc1 Qa5 13. Nc3 Qb6 14. cxd5 cxd5 15. a3 Bxc3 16. Bxc3 d4 17. Bb4 Re8 18. Rc6 Qb5 19. Rc5 Qa6 20. Qd3 Bb7 21. Rfc1 Qe6 22. Qc4 Bxg2 23. Kxg2 a6 24. Qxe6 Rxe6 25. Ra5 Rb7 26. h3 Ne4 27. g4 Kh7 28. f3 Nf6 29. Rcc5 Nd7 30. Rc8 f6 31. h4 h5 32. gxh5 Reb6 33. Rd8 Rc6 34. Kf2 f5 35. Rd5 Nf6 36. Rxe5 Rc2 37. Rxd4 Nxh5 38. Bc3 Rb6 39. Ke1 1-0

[Event "Ljubljana Open"]
[Site "Ljubljana"]
[Date "1994.??.??"]
[Round "?"]
[White "Mestrovic, Zvonimir"]
[Black "Lanka, Zigurds"]
[Result "1/2-1/2"]
[WhiteElo "2420"]
[BlackElo "2535"]
[PlyCount "129"]
[EventDate "1994.06.??"]
[Source "www.chesslib.no"]
[SourceDate "2004.05.04"]

1. Nc3 c5 2. Nf3 Nc6 3. g3 g6 4. d3 Bg7 5. Bd2 d6 6. Bg2 e5 7. O-O Nge7 8. Qc1 h6 9. e4 Be6 10. a3 Qd7 11. b4 b6 12. b5 Nd4 13. a4 Bh3 14. Nxd4 cxd4 15. Ne2 Bxg2 16. Kxg2 h5 17. c4 dxc3 18. Qxc3 h4 19. Ng1 hxg3 20. fxg3 d5 21. Qb3 O-O 22. Bb4 Rfd8 23. Nf3 a5 24. Ba3 Bf6 25. Rf2 Qb7 26. Re1 Rac8 27. Bb2 Qc7 28. Ref1 Rf8 29. Ba3 Qb7 30. Bxe7 Qxe7 31. Qxd5 Rcd8 32. Qb3 Qb4 33. Rb1 Qd6 34. Rc1 Qxd3 35. Qxd3 Rxd3 36. Rc6 Bg7 37. Rxb6 Ra3 38. Ra6 Rxa4 39. Rb2 Rb8 40. b6 Rb4 41. Rxb4 axb4 42. Nd2 Bf8 43. Nb3 Be7 44. Ra7 Bd6 45. b7 Kf8 46. Ra8 Ke7 47. Rxb8 Bxb8 48. h4 Kd8 49. g4 Bd6 50. h5 Kc7 51. h6 Bf8 52. h7 Bg7 53. Nc5 b3 54. Nxb3 Kxb7 55. g5 Kc6 56. Kf3 Kd6 57. Kg4 Bh8 58. Na5 f6 59. Nb7+ Ke7 60. Nc5 Kf7 61. Nd7 fxg5 62. Kxg5 Bg7 63. Kg4 Bh8 64. Kg5 Bg7 65. Kg4 1/2-1/2

[Event "Lewkowitz Memorial B"]
[Site "Lewkowitz Memorial B"]
[Date "1994.??.??"]
[Round "?"]
[White "Perlo, Gerardus C. van"]
[Black "Morgado, Juan Sebastian"]
[Result "0-1"]
[WhiteElo "2415"]
[BlackElo "2540"]
[PlyCount "116"]
[EventDate "1994.??.??"]
[Source "www.chesslib.no"]
[SourceDate "2004.05.04"]

1. Nc3 d5 2. e4 dxe4 3. Nxe4 Nd7 4. Bc4 Ndf6 5. Ng5 e6 6. d3 Bd6 7. Ne2 Ne7 8. O-O Ned5 9. Ng3 c6 10. N5e4 Bc7 11. Re1 O-O 12. Bg5 h6 13. Bxd5 hxg5 14. Bb3 Nxe4 15. Nxe4 g4 16. Qe2 a5 17. a4 b6 18. Rad1 e5 19. h3 Qh4 20. hxg4 Bxg4 21. f3 Bf5 22. Qf2 Qh6 23. Qe3 Qg6 24. Kf2 Be6 25. Bxe6 Qxe6 26. Rh1 f6 27. Rh5 b5 28. Rdh1 Rfb8 29. Nc5 Qd5 30. d4 Qxd4 31. Ne6 Qxe3+ 32. Kxe3 Bd6 33. Rh7 Bf8 34. Ke4 Kf7 35. axb5 cxb5 36. Kf5 Rb6 37. Nxf8 Rxf8 38. Rd1 Rb7 39. Rd6 Re8 40. g4 Kg8 41. Rh2 a4 42. g5 fxg5 43. Rg2 Ree7 44. Ke4 b4 45. Rxg5 Rec7 46. Rd5 Re7 47. Rgxe5 a3 48. Rd1 a2 49. f4 Rxe5+ 50. fxe5 Ra7 51. Ra1 Kf7 52. Kd5 g5 53. Kd6 g4 54. e6+ Ke8 55. c4 bxc3 56. bxc3 g3 57. c4 Ra6+ 58. Kd5 g2 0-1

[Event "Ljubljana Open"]
[Site "Ljubljana"]
[Date "1993.??.??"]
[Round "?"]
[White "Mestrovic, Zvonimir"]
[Black "Levin, Felix"]
[Result "1-0"]
[WhiteElo "2450"]
[BlackElo "2505"]
[PlyCount "83"]
[EventDate "1993.??.??"]
[Source "www.chesslib.no"]
[SourceDate "2004.05.04"]

1. Nc3 d5 2. e4 d4 3. Nce2 c5 4. Ng3 g6 5. Nf3 Bg7 6. Bc4 Nc6 7. O-O Na5 8. Bb5+ Bd7 9. Bxd7+ Qxd7 10. d3 e5 11. h4 h5 12. c3 Nc6 13. cxd4 cxd4 14. b4 a6 15. Bd2 Nf6 16. a4 Ng4 17. b5 Ne7 18. Qb3 O-O 19. Ng5 axb5 20. axb5 Rxa1 21. Rxa1 Nc8 22. Rc1 Nd6 23. Bb4 Rc8 24. Rxc8+ Nxc8 25. Qc4 Na7 26. Qa2 b6 27. Qa6 Qc7 28. Bd6 Qc2 29. Nh3 Nc8 30. Qa8 Bf6 31. Nf1 Bxh4 32. g3 Bg5 33. Bc7 Qxc7 34. Nxg5 Qc2 35. Nh3 Kg7 36. Qb7 Kf6 37. Qd5 Qc5 38. Qd7 Nd6 39. Nd2 Nxb5 40. Nc4 Na3 41. Nd6 Qc1+ 42. Kg2 1-0

[Event "Sarajevo"]
[Site "Sarajevo"]
[Date "1988.??.??"]
[Round "?"]
[White "Mestrovic, Zvonimir"]
[Black "Cvitan, Ognjen"]
[Result "0-1"]
[WhiteElo "2430"]
[BlackElo "2520"]
[PlyCount "80"]
[EventDate "1988.03.??"]
[Source "ChessBase"]

1. Nc3 c5 2. Nf3 Nc6 3. g3 g6 4. Bg2 Bg7 5. O-O e5 6. d3 Nge7 7. Be3 d6 8. Qc1 h6 9. Bd2 Be6 10. e4 Qd7 11. Re1 g5 12. Be3 Rc8 13. Nd2 O-O 14. Nc4 f5 15. f3 Nd4 16. a4 f4 17. gxf4 exf4 18. Bf2 g4 19. fxg4 Bxg4 20. Kh1 Ng6 21. Nd5 Kh7 22. c3 Nb3 23. Qc2 Nxa1 24. Rxa1 Ne5 25. b3 Rce8 26. d4 cxd4 27. cxd4 Nxc4 28. bxc4 Kh8 29. Qd3 f3 30. Bf1 Bh5 31. a5 Bg6 32. Re1 Qa4 33. Nc7 Qxa5 34. Nxe8 Rxe8 35. Qc2 Qg5 36. Qa4 Qd2 37. Bg3 f2 38. Re2 Qxe2 39. Qxe8+ Bxe8 40. Bxe2 Bh5 0-1

[Event "Corr"]
[Site "?"]
[Date "1998.01.05"]
[Round "?"]
[White "Stiefel Roland"]
[Black "Forslof Lars (SWE)"]
[Result "1/2-1/2"]
[WhiteElo "2525"]
[BlackElo "2425"]
[PlyCount "49"]
[EventDate "1998.??.??"]
[Source "www.chesslib.no"]
[SourceDate "2004.05.04"]

1. Nc3 c6 2. e4 d5 3. f4 dxe4 4. Nxe4 Nf6 5. Nf2 Nbd7 6. Nf3 e6 7. b3 Bd6 8. Nd3 O-O 9. Bb2 a5 10. Qe2 a4 11. Rb1 axb3 12. axb3 b6 13. Nde5 Bb7 14. g3 Qc7 15. Bg2 c5 16. O-O Ra2 17. Nc4 b5 18. Nxd6 Qxd6 19. Kh1 Rfa8 20. Rfd1 Qc7 21. Ne5 Bxg2+ 22. Qxg2 Nd5 23. c4 bxc4 24. bxc4 Nb4 25. Nxd7 1/2-1/2

[Event "Cappelle Open"]
[Site "Cappelle la Grande FRA"]
[Date "1995.??.??"]
[Round "3"]
[White "Schlindwein, Rolf"]
[Black "Skembris, Spyridon"]
[Result "1/2-1/2"]
[WhiteElo "2425"]
[BlackElo "2525"]
[PlyCount "83"]
[EventDate "1995.03.??"]
[Source "www.chesslib.no"]
[SourceDate "2004.05.04"]

1. Nc3 d5 2. e4 dxe4 3. Nxe4 Nd7 4. Bc4 e6 5. Nf3 Ngf6 6. d3 Be7 7. O-O O-O 8. Qe2 a6 9. Bf4 b5 10. Bb3 Bb7 11. Rad1 Re8 12. Nfg5 h6 13. Nf3 Qc8 14. c3 c5 15. Bc2 Qc6 16. Rfe1 Rad8 17. h3 Bf8 18. Bc1 g6 19. Ne5 Qc7 20. Nxd7 Nxd7 21. d4 Bg7 22. dxc5 Nxc5 23. Nxc5 Qxc5 24. Be4 Bd5 25. a4 Bb3 26. Rxd8 Rxd8 27. axb5 axb5 28. Be3 Qc4 29. Bf3 e5 30. Ra1 f5 31. Qxc4+ bxc4 32. Ra8 Rxa8 33. Bxa8 Bf8 34. Kf1 Kf7 35. Bd5+ Kf6 36. Ke2 h5 37. h4 f4 38. Bb6 Be7 39. g3 g5 40. Bc7 Kf5 41. hxg5 Bxg5 42. Bf7 1/2-1/2

[Event "Corr"]
[Site "?"]
[Date "1996.??.??"]
[Round "?"]
[White "Larsson Mats"]
[Black "Morgado Juan Sebastian"]
[Result "0-1"]
[WhiteElo "2256"]
[BlackElo "2693"]
[PlyCount "116"]
[EventDate "1996.??.??"]
[Source "www.chesslib.no"]
[SourceDate "2004.05.04"]

1. Nc3 d5 2. e4 dxe4 3. Nxe4 Nd7 4. Bc4 Ndf6 5. Ng3 e6 6. Nf3 Bd6 7. d4 a6 8. O-O b5 9. Bb3 Bb7 10. a4 b4 11. Re1 Ne7 12. Ng5 O-O 13. Nxf7 Rxf7 14. Bxe6 Qe8 15. c4 Kh8 16. Bxf7 Qxf7 17. d5 Rd8 18. Qe2 c6 19. Bf4 Bxf4 20. Qxe7 Qxe7 21. Rxe7 Ba8 22. dxc6 Bxc6 23. b3 Rd3 24. Rb1 Bd7 25. Ne4 Nxe4 26. Rxe4 Bc7 27. c5 Kg8 28. c6 Bf5 29. Rxb4 Rc3 30. Rd1 Be6 31. Rb7 Rxc6 32. h3 Rc2 33. Ra7 a5 34. Rb7 Bc8 35. Rb5 Ba6 36. Rbd5 Be2 37. Re1 h6 38. Kh1 Bb6 39. Re5 Bd3 40. f3 Rc3 41. Rd5 Rxb3 42. Re7 Kf8 43. Rdd7 Bd4 44. Re1 Bc5 45. Rc1 Rb1 46. Rxb1 Bxb1 47. Rc7 Bb4 48. Rc8+ Kf7 49. Rc7+ Kg6 50. Rc6+ Kh7 51. Rc1 Ba2 52. f4 Bb3 53. Ra1 Kg6 54. g4 Bd6 55. Rb1 Bd5+ 56. Kg1 Bc6 57. Rc1 Be8 58. Re1 Kf7 0-1

[Event "CRO-chT2"]
[Site "?"]
[Date "1998.??.??"]
[Round "6"]
[White "Mestrovic Zvonimir"]
[Black "Varga Zoltan"]
[Result "0-1"]
[WhiteElo "2425"]
[BlackElo "2520"]
[PlyCount "110"]
[EventDate "1998.??.??"]
[Source "www.chesslib.no"]
[SourceDate "2004.05.04"]

1. Nc3 c5 2. Nf3 Nc6 3. g3 d5 4. Bg2 e5 5. d3 f6 6. O-O Be6 7. e4 d4 8. Nd5 Nge7 9. c4 dxc3 10. bxc3 Nxd5 11. exd5 Bxd5 12. Rb1 Rb8 13. Qa4 Qd7 14. Be3 b6 15. d4 cxd4 16. c4 Bxf3 17. Bxf3 Nd8 18. Rb5 Bc5 19. Bd2 O-O 20. Bd5+ Kh8 21. Rfb1 Ne6 22. Ra5 Qxa4 23. Rxa4 Nc7 24. Rxa7 Nxd5 25. cxd5 Ra8 26. Rc7 Rxa2 27. Bb4 Bxb4 28. Rxb4 d3 29. Rc1 Ra5 30. d6 Rd5 31. Rxb6 Rd8 32. Kf1 Kg8 33. Rb7 d2 34. Rd1 R5xd6 35. Ke2 R8d7 36. Rb3 Kf7 37. Ra3 g5 38. f3 h5 39. h3 Rd4 40. Rc3 Ke6 41. Ra3 Kf5 42. Ke3 R7d5 43. g4+ Kg6 44. Rb3 Rd6 45. Ra3 f5 46. Ra5 hxg4 47. hxg4 fxg4 48. fxg4 Kf6 49. Ra8 Rxg4 50. Rf8+ Ke7 51. Rh8 Rh4 52. Rg8 e4 53. Rxg5 Rd3+ 54. Kf2 Rh2+ 55. Kg1 Rdh3 0-1

[Event "Linares"]
[Site "?"]
[Date "1981.??.??"]
[Round "5"]
[White "Bellon Lopez Juan Manuel"]
[Black "Gligoric Svetozar"]
[Result "1-0"]
[WhiteElo "2415"]
[BlackElo "2530"]
[PlyCount "61"]
[EventDate "1981.??.??"]
[Source "www.chesslib.no"]
[SourceDate "2004.05.04"]

1. Nc3 d5 2. e4 d4 3. Nce2 c5 4. d3 Nc6 5. f4 g6 6. g3 Bg7 7. Bg2 e5 8. Nf3 Nge7 9. O-O O-O 10. b4 cxb4 11. a3 Bg4 12. axb4 Bxf3 13. Rxf3 Nxb4 14. Rb1 a5 15. Bd2 Qd6 16. Bh3 f5 17. exf5 Nxf5 18. fxe5 Qxe5 19. Bxf5 Rxf5 20. Rxf5 Qxf5 21. Bxb4 axb4 22. Nf4 g5 23. Nh5 Be5 24. g4 Qf7 25. Rxb4 Re8 26. Rb5 Kh8 27. Qf1 Bxh2+ 28. Kg2 Bf4 29. Rxg5 Qc7 30. Qxf4 Qc6+ 31. Kg1 1-0

[Event "Ch team"]
[Site "?"]
[Date "2000.??.??"]
[Round "2"]
[White "Mestrovic Zvonimir"]
[Black "Mohr Georg"]
[Result "1-0"]
[WhiteElo "2456"]
[BlackElo "2488"]
[PlyCount "121"]
[EventDate "2000.??.??"]
[Source "www.chesslib.no"]
[SourceDate "2004.05.04"]

1. Nc3 c5 2. Nf3 Nc6 3. g3 g6 4. d3 Bg7 5. Bd2 Rb8 6. a4 a6 7. Bg2 b5 8. axb5 axb5 9. O-O d6 10. Qc1 b4 11. Nd1 e5 12. e4 h6 13. Ne3 Nge7 14. Nc4 g5 15. c3 O-O 16. h4 f6 17. Ne3 Be6 18. g4 bxc3 19. Bxc3 Ng6 20. Ra6 Nf4 21. Qa1 Ne7 22. Nd2 Bc8 23. Ra7 Nc6 24. Ra8 Be6 25. Ra6 Qd7 26. Ndc4 Bxg4 27. Rxc6 Qxc6 28. Nxg4 Nxg2 29. Kxg2 f5 30. Na5 Qa8 31. Qa2+ Kh8 32. Nxh6 Bxh6 33. Qe6 Kg7 34. Qxd6 Rbe8 35. Bxe5+ Rxe5 36. Qxe5+ Kg6 37. Nc4 Bg7 38. Qxc5 fxe4 39. Qxg5+ Kh7 40. Ne3 exd3+ 41. f3 Qb7 42. Qh5+ Kg8 43. Rf2 Bxb2 44. Rd2 Bc1 45. Rxd3 Bxe3 46. Rxe3 Qg7+ 47. Kh3 Qf6 48. Re8 Rxe8 49. Qxe8+ Kg7 50. Qe4 Qa1 51. Kg4 Kh6 52. Kf5 Qd1 53. h5 Kg7 54. Qe7+ Kh6 55. Qe3+ Kh7 56. Qe4 Kh6 57. Qc6+ Kg7 58. h6+ Kf7 59. Qb7+ Kf8 60. Ke6 Qe1+ 61. Qe4 1-0

[Event "New York USA"]
[Site "?"]
[Date "1996.??.??"]
[Round "?"]
[White "Bottema Tom"]
[Black "Van Wely Loek"]
[Result "0-1"]
[WhiteElo "2370"]
[BlackElo "2570"]
[PlyCount "88"]
[EventDate "1996.??.??"]
[Source "www.chesslib.no"]
[SourceDate "2004.05.04"]

1. Nc3 d5 2. e4 d4 3. Nce2 e5 4. Ng3 Be6 5. Nf3 f6 6. d3 Bd6 7. Be2 Ne7 8. O-O Qd7 9. Nh4 Nbc6 10. c4 g6 11. f4 exf4 12. Bxf4 Bxf4 13. Rxf4 O-O 14. Rf2 Kg7 15. Qd2 Qd6 16. Raf1 Ne5 17. Bd1 a5 18. b3 Qb4 19. Qc2 Bd7 20. h3 a4 21. Nf3 N7c6 22. Ne2 axb3 23. axb3 Qc5 24. Qb1 Nxf3+ 25. Rxf3 Ra3 26. Qc1 Ne5 27. Rg3 Be6 28. Nf4 Kf7 29. Qb2 Qa7 30. Qf2 Ke7 31. Ne2 c5 32. Qf4 Rf7 33. Kh2 Ra2 34. Qc1 Qa3 35. Qh6 Qb2 36. Nf4 Ra1 37. Qh4 Rb1 38. Nd5+ Bxd5 39. exd5 Qd2 40. d6+ Kf8 41. d7 Nxd7 42. Be2 Rxf1 43. Bxf1 Ne5 44. Qe4 h5 0-1

[Event "Bled Open"]
[Site "Bled SLO"]
[Date "1994.??.??"]
[Round "?"]
[White "Mestrovic, Zvonimir"]
[Black "Sher, Miron N"]
[Result "1-0"]
[WhiteElo "2420"]
[BlackElo "2520"]
[PlyCount "47"]
[EventDate "1994.03.??"]
[Source "www.chesslib.no"]
[SourceDate "2004.05.04"]

1. Nc3 c5 2. Nf3 d5 3. e4 Nf6 4. e5 Nfd7 5. Nxd5 Nxe5 6. Bb5+ Nec6 7. c4 Bg4 8. Qb3 Bxf3 9. Qxf3 e6 10. O-O Bd6 11. d4 cxd4 12. Qg4 Kf8 13. Bg5 Qd7 14. Qh5 exd5 15. cxd5 f6 16. Bd2 Qf7 17. Qh3 Ne7 18. Rac1 Na6 19. Rfe1 Nc7 20. Rxc7 Bxc7 21. Bb4 Qxd5 22. Rxe7 Bd6 23. Qd7 Qxb5 24. Rf7+ 1-0

[Event "It Open"]
[Site "?"]
[Date "2000.??.??"]
[Round "2"]
[White "Bauer Christian"]
[Black "Boidman Yuri"]
[Result "0-1"]
[WhiteElo "2517"]
[BlackElo "2422"]
[PlyCount "28"]
[EventDate "2000.??.??"]
[Source "www.chesslib.no"]
[SourceDate "2004.05.04"]

1. Nc3 d5 2. e4 d4 3. Nce2 e5 4. Ng3 Be6 5. Nf3 Nd7 6. c3 c5 7. Bb5 Bd6 8. Qe2 a6 9. Bc4 Bxc4 10. Qxc4 Ne7 11. Ng5 O-O 12. Ne6 fxe6 13. Qxe6+ Kh8 14. Qxd6 Rf6 0-1

[Event "TCh-BIH"]
[Site "Jahorina"]
[Date "2003.06.24"]
[Round "6"]
[White "Mestrovic, Zvonimir"]
[Black "Kosic, Dragan"]
[Result "1-0"]
[WhiteElo "2436"]
[BlackElo "2502"]
[PlyCount "79"]
[EventDate "2003.06.21"]
[Source "Roberto Alvarez"]
[SourceDate "2003.07.07"]

1. Nc3 d5 2. e4 dxe4 3. Nxe4 Bf5 4. Ng3 Bg6 5. h4 h6 6. Nf3 Nd7 7. d4 e6 8. h5 Bh7 9. Bd3 Bxd3 10. Qxd3 Ngf6 11. Ne4 c5 12. Nxf6+ Nxf6 13. Qb5+ Qd7 14. Qxd7+ Nxd7 15. Be3 Rc8 16. O-O-O Nf6 17. Ne5 Nd5 18. Rh3 Be7 19. Kb1 c4 20. f4 b5 21. g4 a5 22. Bc1 c3 23. Rf1 a4 24. g5 cxb2 25. Bd2 a3 26. f5 exf5 27. Rxf5 Bxg5 28. Bxg5 Nc3+ 29. Rxc3 Rxc3 30. Bd2 Rh3 31. Rf1 O-O 32. Bb4 Ra8 33. Nc6 Rxh5 34. d5 Rh4 35. c3 g5 36. Ne7+ Kh8 37. d6 Re4 38. Bxa3 Rxa3 39. d7 Ra8 40. Nc8 1-0

[Event "Corr"]
[Site "?"]
[Date "2000.??.??"]
[Round "9.1"]
[White "Pommerel Wim H"]
[Black "Zapf Herbert"]
[Result "0-1"]
[WhiteElo "2484"]
[BlackElo "2452"]
[PlyCount "108"]
[EventDate "2000.??.??"]
[Source "www.chesslib.no"]
[SourceDate "2004.05.04"]

1. Nc3 d5 2. e4 d4 3. Nce2 g6 4. c3 dxc3 5. bxc3 Bg7 6. d4 c5 7. Nf3 Nf6 8. Ng3 O-O 9. Be2 cxd4 10. cxd4 Nc6 11. O-O Bg4 12. Be3 Nh5 13. Nxh5 Bxh5 14. d5 Ne5 15. Nxe5 Bxe2 16. Qxe2 Bxe5 17. Rab1 b6 18. f4 Bg7 19. f5 Qd6 20. Bf4 Be5 21. Bxe5 Qxe5 22. Rf2 Rac8 23. Rbf1 Qd4 24. Kh1 Rc3 25. Rf3 Rxf3 26. Qxf3 Qe5 27. Qd3 f6 28. Qc4 Kg7 29. Kg1 Rd8 30. Qc2 Rd7 31. Qc8 Rc7 32. Qe6 Rc2 33. Qxe5 fxe5 34. fxg6 hxg6 35. Rf2 Rc1+ 36. Rf1 Rc4 37. Re1 Rc2 38. a3 Rc3 39. Kf2 Rxa3 40. Rc1 Ra4 41. Ke3 b5 42. Rc7 Kf6 43. Rc6+ Kf7 44. Rc7 Ke8 45. Rc6 Ra3+ 46. Ke2 Ra2+ 47. Kf3 b4 48. Rxg6 b3 49. Rg8+ Kd7 50. Rb8 b2 51. g4 Kc7 52. Rb3 a5 53. g5 a4 54. g6 axb3 0-1

[Event "HUN-ch"]
[Site "Budapest"]
[Date "1996.??.??"]
[Round "11"]
[White "Palkovi, Jozsef"]
[Black "Lukacs, Peter"]
[Result "0-1"]
[WhiteElo "2460"]
[BlackElo "2475"]
[PlyCount "80"]
[EventDate "1996.12.??"]
[Source "ChessBase"]
[SourceDate "1997.04.10"]

1. Nc3 d5 2. e4 d4 3. Nce2 g6 4. f4 Bg7 5. Nf3 c5 6. Ng3 Nc6 7. Bc4 Nf6 8. d3 O-O 9. a4 a6 10. O-O Rb8 11. f5 b5 12. axb5 axb5 13. Ba2 gxf5 14. exf5 Bb7 15. Ng5 Nb4 16. Bb3 c4 17. dxc4 d3 18. c3 bxc4 19. Bxc4 Qb6+ 20. Rf2 Nc2 21. Ra4 Ne3 22. Bxe3 Qxe3 23. Qd2 Qc5 24. Bxd3 Rbd8 25. Qe2 Bh6 26. N5e4 Qe3 27. Bc2 Kh8 28. Nf1 Qc1 29. Nc5 Rd2 30. Nb3 Rxe2 31. Nxc1 Rxf2 32. Kxf2 Bxc1 33. Ra7 Rb8 34. b4 Bb2 35. Ne3 Bxc3 36. Ra3 Bxb4 37. Rb3 Bc5 38. h3 Nd5 39. Be4 Bxe3+ 40. Ke1 Bf4 0-1

[Event "Ch (Women) Bled SLO"]
[Site "?"]
[Date "2002.??.??"]
[Round "7"]
[White "Nevostrujev Vladimir"]
[Black "Bocharov Dmitry"]
[Result "1-0"]
[WhiteElo "2483"]
[BlackElo "2452"]
[PlyCount "123"]
[EventDate "2002.??.??"]
[Source "www.chesslib.no"]
[SourceDate "2004.05.04"]

1. Nc3 c5 2. Nf3 Nc6 3. d4 cxd4 4. Nxd4 a6 5. Bg5 Qa5 6. Qd2 Nxd4 7. Qxd4 e6 8. Bd2 Qc5 9. Qxc5 Bxc5 10. Ne4 Be7 11. Bf4 d5 12. Nd6+ Bxd6 13. Bxd6 Bd7 14. O-O-O Nf6 15. f3 O-O-O 16. Be7 Rde8 17. Bxf6 gxf6 18. e3 Reg8 19. Kd2 Bb5 20. Bxb5 axb5 21. g3 h5 22. Ke2 Kc7 23. Rd4 f5 24. Kf2 Ra8 25. a3 Ra4 26. Rhd1 Rc4 27. c3 Kc6 28. Kg2 h4 29. Rxh4 Rhxh4 30. gxh4 Rxh4 31. Kg3 Rh5 32. h4 Kc5 33. Kh3 e5 34. f4 e4 35. b3 Rh8 36. Kg3 Rg8+ 37. Kf2 Rh8 38. Rh1 Rh5 39. Ke2 Kd6 40. Kd2 Kc5 41. Kc2 Kd6 42. Kb2 Kc5 43. Rh2 Kd6 44. a4 Kc5 45. Ka3 bxa4 46. Kxa4 Rh8 47. Ka3 Rh5 48. Rh1 Kb5 49. Kb2 Kc6 50. c4 dxc4 51. bxc4 b5 52. Kc3 bxc4 53. Kxc4 Kd6 54. Kd4 Ke6 55. Kc5 Kf6 56. Kd6 Rh8 57. h5 Rd8+ 58. Kc7 Rh8 59. Kd7 Ra8 60. h6 Ra7+ 61. Kc6 Ra6+ 62. Kb7 1-0

[Event "otb"]
[Site "otb"]
[Date "2007.03.11"]
[Round "2"]
[White "Ponkratov Pavel"]
[Black "Lanin Alexsej"]
[Result "0-1"]
[WhiteElo "2469"]
[BlackElo "2465"]
[PlyCount "106"]
[Source "www.chesslib.no"]
[SourceDate "2004.05.04"]

1. Nc3 d5 2. e4 d4 3. Nce2 e5 4. Ng3 Be6 5. Nf3 f6 6. Bb5+ Nd7 7. Qe2 Qe7 8. Bc4 O-O-O 9. O-O g6 10. c3 Bxc4 11. Qxc4 Nb6 12. Qb3 d3 13. a4 Nd7 14. Qc4 Nc5 15. b3 Qe6 16. Qxe6+ Nxe6 17. Ba3 Bh6 18. Ra2 Rd7 19. Re1 Ne7 20. Nf1 Rhd8 21. Ne3 a6 22. g3 b6 23. Kg2 Kb7 24. h4 Bxe3 25. Rxe3 c5 26. c4 Nc6 27. Bb2 Nb4 28. Ra1 Nc2 29. Rf1 Nxe3+ 30. fxe3 h5 31. g4 hxg4 32. Nh2 Rf8 33. Nxg4 Rdf7 34. Bc3 a5 35. Kg3 Ng7 36. Nf2 Nh5+ 37. Kg2 Rd7 38. Ng4 Rdd8 39. Rf3 Kc8 40. Nf2 Rg8 41. Ng4 Rd6 42. Kh3 Kd7 43. Nh6 Rg7 44. Ng4 Ke6 45. Rf2 Rd8 46. Rf3 Rh8 47. Rf2 g5 48. Rf5 gxh4 49. Nxe5 Ng3 50. Nxd3 Nxf5 51. Nf4+ Kf7 52. exf5 Rg3+ 53. Kh2 Rg5 0-1

[Event "BUL Ch"]
[Site "Sofia BUL"]
[Date "1985.??.??"]
[Round "8"]
[White "Popchev, Milko"]
[Black "Donchev, Dimitar I"]
[Result "1/2-1/2"]
[WhiteElo "2480"]
[BlackElo "2450"]
[PlyCount "75"]
[EventDate "1985.??.??"]
[Source "www.chesslib.no"]
[SourceDate "2004.05.04"]

1. Nc3 d5 2. e4 d4 3. Nce2 e5 4. d3 Bb4+ 5. c3 dxc3 6. bxc3 Bd6 7. f4 exf4 8. Nf3 Nc6 9. d4 Bg4 10. Nxf4 Bxf4 11. Bxf4 Nge7 12. h3 Ng6 13. Bg3 Bd7 14. Bd3 Na5 15. O-O O-O 16. Rb1 a6 17. Qc1 f5 18. Ne5 Nxe5 19. Bxe5 Bb5 20. Bxb5 axb5 21. exf5 c6 22. Rb2 Nc4 23. Re2 Qe7 24. Qe1 Qg5 25. f6 gxf6 26. Bf4 Qh5 27. Rf3 Rae8 28. Re7 Rxe7 29. Qxe7 Qf7 30. Rg3+ Kh8 31. Qc5 Rg8 32. Rxg8+ Kxg8 33. Bh6 Qe8 34. Qf5 Qe7 35. Qg4+ Kf7 36. Qf5 Kg8 37. Qc8+ Kf7 38. Qf5 1/2-1/2